Primi 15 paesi interessati da Covid-19 - 13 ottobre 2021 - Statistics

Statistiche generali
  • Questo quiz è stato fatto 5 volte
  • Il punteggio medio è 7 su 27
Statistiche sulle risposte
paese % Corretto
Francia
100%
Italia
80%
Spagna
80%
Stati Uniti
80%
Germania
60%
Paesi Bassi
60%
Russia
60%
Belgio
40%
Messico
40%
Brasile
20%
India
20%
Svezia
20%
Turchia
20%
Argentina
0%
Bahrain
0%
Cechia
0%
Colombia
0%
Estonia
0%
Georgia
0%
Indonesia
0%
Iran
0%
Israele
0%
Lituania
0%
Regno Unito
0%
Serbia
0%
Slovenia
0%
Uruguay
0%
Nessun quiz corrispondente trovato
Distribuzione punteggi
Percentuale di utenti per punteggio
Percentile per numero di risposta
I tuoi punteggi nel tempo
Non hai fatto questo quiz